Brand Logos that Start with R - Statistics

General Stats
  • This quiz has been taken 441 times
  • The average score is 7 of 14
Answer Stats
Picture Answer % Correct
Red Bull
88%
Reddit
84%
Rolex
82%
Roblox
80%
Ram
74%
Ray-Ban
67%
Rolls-Royce
64%
Red Cross
57%
Renault
45%
Roku
30%
Reebok
23%
Ronald McDonald House Charities
17%
Rally's
14%
Royal Air Force
11%
No matching quizzes found
Score Distribution
Percent of People with Each Score
Percentile by Number Answered
Your Score History
You have not taken this quiz